| 000 | 00540nam a2200169 i 4500 | ||
|---|---|---|---|
| 001 | 85806 | ||
| 003 | ES-MaACL | ||
| 007 | t| | ||
| 008 | 041201s1965 sp ||||1| spa d | ||
| 100 | 1 |
_aKaczmarek, Eugen. _967384 |
|
| 245 | 1 | 0 |
_aEstampado práctico / _cEugen Kaczmarek ; traducción de la cuarta edición alemana por Federico R.E. Schmid. |
| 250 | _a2ª ed. | ||
| 260 |
_aBuenos Aires : _bNigar, _c[1965] |
||
| 300 |
_a3 t. en 1 v. : _bil. ; _c24 cm. |
||
| 700 | 1 |
_aSchmid, Federico R. E. _9104450 |
|
| 852 |
_aES-MaACL _jE-7539 _bR.91594 |
||
| 999 |
_c85806 _d85806 |
||